000 00688aas a2200217 4500
999 _c3641
_d3641
003 BR-BrBNA
005 20230317233853.0
007 ta
008 230119b bl ||||| |||| 00| 0 por d
035 _a000485-5
040 _aBR-BrBNA
_bPor
_cBR-BrBNA
042 _aN
044 _abl
245 _aSérie Desempenho da Região Sul - Superintendência do Desenvolvimento da Região Sul (Brazil)
260 _aPorto Alegre-RS
_bMinistério do Interior - Superintendência do Desenvolvimento da Região Sul
_c1978. Data final de publicação em 1986
_eBRS
270 _aR. Caldas Junior, 120
310 _airregular
505 _a1978-86 (1-42);
909 _a56
_bSergio Santos
_c56
_dSergio Santos
942 _cCR
_2AGRIS